Vertikálny hybrid- Bratislava Downtown
Salvato in:
| Autore principale: | |
|---|---|
| Altri autori: | |
| Natura: | Manoscritto Libro |
| Lingua: | slovacco |
| Pubblicazione: |
Bratislava
2023
|
| Soggetti: | |
| Accesso online: | http://is.stuba.sk/zp/portal_zp.pl?podrobnosti=171765 |
| Tags: |
Nessun Tag, puoi essere il primo ad aggiungerne!!
|
MARC
| LEADER | 00000ntm a22000003a 4500 | ||
|---|---|---|---|
| 001 | stuzp94505 | ||
| 003 | SK-STU | ||
| 005 | 20231009075354.2 | ||
| 007 | ta | ||
| 008 | 150427s2015----xo-----f-mn---000-0-slo-d | ||
| 040 | |a STU |b slo | ||
| 041 | 0 | |a slo | |
| 100 | 1 | |a Kiovský, Jaroslav |u 051110 |4 aut |U FAD Fakulta architektúry a dizajnu |T FAD Ústav architektúry obytných budov |X 61702 |U A1110 |Y 392 |7 61702 | |
| 242 | 0 | 1 | |a Vertical hybrid - Bratislava Downtown |y eng |
| 245 | 1 | 0 | |a Vertikálny hybrid- Bratislava Downtown |
| 260 | |c 2023 |a Bratislava | ||
| 650 | 4 | |a mrakodrap |2 slo | |
| 650 | 4 | |a downtown |2 slo | |
| 650 | 4 | |a Bratislava |2 slo | |
| 650 | 4 | |a hybrid |2 slo | |
| 650 | 4 | |a hybrid |2 eng | |
| 650 | 4 | |a skyscraper |2 eng | |
| 650 | 4 | |a downtown |2 eng | |
| 650 | 4 | |a Bratislava |2 eng | |
| 700 | 1 | |a Selcová, Ľubica |u 051110 |k Z1 |4 ths |U FAD Fakulta architektúry a dizajnu |T FAD Ústav architektúry obytných budov |X 4198 |U A1110 |Y 392 |7 A000004198 | |
| 856 | 4 | |u http://is.stuba.sk/zp/portal_zp.pl?podrobnosti=171765 |u https://opac.crzp.sk/?fn=detailBiblioForm&sid=1755732D0F093F437CA334EAC795 | |